000 00409nam a2200169Ia 4500
008 260407s2024 xx 000 0 und d
041 _aeng
082 _a615/YAD
_b11418
100 _aDR.ADHIKRAO YADAV
245 _aPHARMACOLOGY-I
250 _a3RD
260 _aPUNE
_bNIRALI PRAKASHAN
_c2024
300 _a6.24p
650 _aPHARAMCOLOGY
650 _aPHARMACOLOGY-I
700 _aDR.ATUL R.CHOPADE
999 _c1218910
_d1218910